• 首页
  • 本馆介绍
  • 公告通知
  • 最新文献
  • 馆藏检索
  • 电子资源
  • 读者导购
  • 参考咨询
  • 我的图书馆
  • 登录
  • 详细信息显示
  • 放入我的书架
  • 预约/预借图书
  • 作者相关作品
  • 分类相关作品
  • 丛书相关作品
  • 出版社相关作品

书目信息

  • 表格格式
  • 工作单格式
  • 卡片格式
题名:
笑话选
    
 
作者: 里林 著
分册:  
出版信息: 北京   北京出版社  1981.9
页数: 94页
开本: 20cm
丛书名:
单 册:
中图分类: I276.3
科图分类:
主题词: 民间文学--中国
电子资源:
ISBN:
000 00486nam0 2200193 45
001 0312221749
005 20040413104716.9
010    @dCNY0.27
100    @a20031222d1981 km y0chiy0120 ea
101    @achi
105    @a z 000yy
200 1  @a笑话选@AXiao Hua Xuan@f里林著@FLi Lin Zhu
210    @a北京@c北京出版社@d1981.9
215    @a94页@d20cm
606 0  @a民间文学@x中国
690    @aI276.3@v3
701 0  @a里林@4著
801    @aCN@bTSTCL@c20031222
905    @dI276.3@e25@f1@b74470
    
    笑话选/里林著.-北京:北京出版社,1981.9
    94页;20cm
    
    
    ISBN :CNY0.27
    
●
相关链接 在E读中查询图书 在五车中查询图书 在当当中查询图书 在豆瓣中查询图书


正题名:笑话选     索取号:I276.3/25         预约/预借

序号 登录号 条形码 馆藏地/架位号 状态 备注
1 0074470   000781149   第二借阅区/ [索取号:I276.3/25] 在馆    
2 0074471   000037007   第一样本阅览室/ [索取号:I276.3/25] 在馆    
唐山师范学院图书馆 欢迎您!
大连网信软件有限公司© 版权所有